书目信息 |
| 题名: |
Web 3.0与Semantic Web编程
|
|
| 作者: | 赫布勒 , Matthew Fisher , Ryan Blace , Andrew Perez-Lopez 著 ;唐富年 , 唐荣年 译 | |
| 分册: | ||
| 出版信息: | 北京 清华大学出版社 2010.06 |
|
| 页数: | 478页 | |
| 开本: | 26cm | |
| 丛书名: | ||
| 单 册: | ||
| 中图分类: | TP393.092 | |
| 科图分类: | ||
| 主题词: | 主页制作--程序设计 | |
| 电子资源: | ||
| ISBN: | 978-7-302-22636-9 | |
| 000 | 01289nam0 2200337 450 | |
| 001 | 1058821546 | |
| 005 | 20101111162502.40 | |
| 010 | @a978-7-302-22636-9@dCNY60.00 | |
| 100 | @a20101129d2010 km y0chiy0120 ea | |
| 101 | 1 | @achi@ceng |
| 102 | @aCN@b110000 | |
| 105 | @aa z 000yy | |
| 200 | 1 | @aWeb 3.0与Semantic Web编程@f(美) John Hebeler … [等] 著@g唐富年, 唐荣年译 |
| 210 | @a北京@c清华大学出版社@d2010.06 | |
| 215 | @a478页@c图@d26cm | |
| 304 | @a本书著还有: Matthew Fisher, Ryan Blace, Andrew Perez-Lopez著 | |
| 306 | @a本书中文简体字版有Wiley Publishing, Inc.授权清华大学出版社出版 | |
| 312 | @a英文题名:取自版权页 | |
| 314 | @a本书责任者的汉译姓:取自版权页 | |
| 330 | @a本书分语义Web程序设计简介、语义Web程序设计基础、建立语义Web应用程序、扩展语义Web程序设计四部分,内容包括为以数据为中心的语义Web程序设计做好准备、信息建模、融入语义、发现信息、添加规则等。 | |
| 500 | 10 | @aSemantic Web Programming@mChinese |
| 606 | 0 | @a主页制作@x程序设计 |
| 690 | @aTP393.092@v4 | |
| 701 | 1 | @a赫布勒@Ahe bu le@g(Hebeler, John)@4著 |
| 701 | 0 | @aMatthew Fisher@4著 |
| 701 | 0 | @aRyan Blace@4著 |
| 701 | 0 | @aAndrew Perez-Lopez@4著 |
| 702 | 0 | @a唐富年@Atang fu nian@4译 |
| 702 | 0 | @a唐荣年@Atang rong nian@4译 |
| 801 | 0 | @aCN@c20101129 |
| 905 | @dTP393.092@eH3271 | |
| Web 3.0与Semantic Web编程/(美) John Hebeler … [等] 著/唐富年, 唐荣年译.-北京:清华大学出版社,2010.06 |
| 478页:图;26cm |
| ISBN 978-7-302-22636-9:CNY60.00 |
| 本书分语义Web程序设计简介、语义Web程序设计基础、建立语义Web应用程序、扩展语义Web程序设计四部分,内容包括为以数据为中心的语义Web程序设计做好准备、信息建模、融入语义、发现信息、添加规则等。 |
| ● |
| 相关链接 |
|
|
|
正题名:Web 3.0与Semantic Web编程
索取号:TP393.092/H3271
 
预约/预借
| 序号 | 登录号 | 条形码 | 馆藏地/架位号 | 状态 | 备注 |
| 1 | 1033666 | 210336661 | 自科库301/301自科库 126排1列2层/ [索取号:TP393.092/H3271] | 在馆 | |
| 2 | 1033667 | 210336670 | 自科二线404/404自科库 12排3列3层/ [索取号:TP393.092/H3271] | 在馆 | |
| 3 | 1033668 | 210336689 | 自科库301/301自科库 126排1列2层/ [索取号:TP393.092/H3271] | 在馆 |